Richard Sapper (Record no. 13215)

000 -LEADER
fixed length control field 00219 a2200097 4500
020 ## - INTERNATIONAL STANDARD BOOK NUMBER
International Standard Book Number 978-0714871202
100 ## - MAIN ENTRY--PERSONAL NAME
Personal name Jonathan Olivares
245 ## - TITLE STATEMENT
Title Richard Sapper
250 ## - EDITION STATEMENT
Edition statement First Edition
260 ## - PUBLICATION, DISTRIBUTION, ETC.
Name of publisher, distributor, etc. Phaidon Press
Date of publication, distribution, etc. 2016
Holdings
Withdrawn status Lost status Source of classification or shelving scheme Damaged status Not for loan Permanent Location Current Location Date acquired Source of acquisition Cost, normal purchase price Full call number Barcode Date last seen Cost, replacement price Price effective from Koha item type
          BMS College of Architecture, Design and Planning BMS College of Architecture, Design and Planning 2025-04-25 1 5094.26 720.92 AR-UG4673 2025-04-25 6792.34 2025-04-25 B.Design
Copyright © 2025, The Librarian, Library and Information Centre, BMSCA D&P, Bengaluru. All Rights Reserved
web counter

Powered by Koha